000 00639nam a22001577a 4500
008 110818s1990 ua|||||r|||| 000 0 ara d
082 _222
_bف ت ا
_a259
245 _aالفتاوى الاسلامية فى القضايا الاقتصادية :
_bالزكاة البيع البنوك الديون الشركات التأمين /
_cالأهرام
250 _aط 2 .
260 _aالقاهرة :
_bمؤسسة الأهرام ،
_c1990.
300 _a192 ص ؛
_c18 سم .
504 _aيحتوي علي ارجاعات ببليوجرافية .
650 _916851
_aالفتاوى الشرعية
653 _bGeneral
942 _2ddc
_cBB
999 _c15867
_d15867